logo

Bir Sreshtho Munshi Abdur Rouf Library
Jhenaidah Cadet College

The life and times of Buddha / (Record no. 9932)

MARC details
000 -LEADER
fixed length control field 00804cam a2200277 4500
001 - CONTROL NUMBER
JCCL Control Number 9932
003 - CONTROL NUMBER IDENTIFIER
JCCL marc code BD-JhCC
005 - DATE AND TIME OF LATEST TRANSACTION
control field 20180403130632.0
008 - FIXED-LENGTH DATA ELEMENTS--GENERAL INFORMATION
fixed length control field 180403s1968 enka 000 0 eng
020 ## - INTERNATIONAL STANDARD BOOK NUMBER
International Standard Book Number 0600031535
035 ## - SYSTEM CONTROL NUMBER
system control number (BD-JhCC)9932
040 ## - CATALOGING SOURCE
Original cataloging agency DLC
Transcribing agency DLC
Modifying agency DLC
-- BD-JhCC
041 1# - LANGUAGE CODE
Language code of Book engita
050 00 - LIBRARY OF CONGRESS CALL NUMBER
Classification number BL1455
Item number .S84
082 00 - DEWEY DECIMAL CLASSIFICATION NUMBER
Classification number 294.3/63
Author mark and Year MAN 1968
100 1# - MAIN ENTRY--PERSONAL NAME
Personal name Mandel, Gabriele.
245 14 - TITLE STATEMENT
Title The life and times of Buddha /
Statement of responsibility, etc translated [from the Italian] by Vivian Hart.
260 ## - PUBLICATION, DISTRIBUTION, ETC. (IMPRINT)
Place of publication, distribution, etc London,
-- New York :
Name of publisher, distributor, etc Hamlyn,
Date of publication, distribution, etc 1968.
300 ## - PHYSICAL DESCRIPTION
Pagination [1], 77 p. (chiefly illus. (chiefly col.))
Dimensions 30 cm.
350 ## - PRICE (NR) (BK AM CF MU VM SE) [OBSOLETE]
Price 17/6
490 0# - SERIES STATEMENT
Series statement Portraits of greatness
500 ## - GENERAL NOTE
General note Col. illus. on lining papers.
600 00 - SUBJECT ADDED ENTRY--PERSONAL NAME
Personal name Gautama Buddha
General subdivision Pictorial works.
942 ## - ADDED ENTRY ELEMENTS (KOHA)
Source of classification or shelving scheme Dewey Decimal Classification
Koha item type Reference
Holdings
Source of classification or shelving scheme Damaged status Not for loan Home library Current library Shelving location Date of accession Total Checkouts Full call number Barcode Date last seen Copy number Koha item type
Dewey Decimal Classification     JCC Rouf Library JCC Rouf Library General Stacks 04/03/2018   294.3/63 MAN 1968 13399 04/03/2018 C-1 Reference

JCC Library | Contacts | JCC Home

Last Update on 23 September 2017
Copyright @ 2017-2020 JCC Rouf Library
Rouf Library, Jhenidah Cadet College (JCC), Bangladesh